000
00317nam a22001337a 4500
020
_a
81-87834-51-X
082
_a
920
_b
RAM/G
100
_a
RAMAN,RAJEE
245
_a
GREAT LIVES- MESSENGERS OF GOD
260
_a
CHENNAI
_b
SEASONS PUBLISHING HOUSE
300
_a
115
650
_a
MESSENGERS OF GOD
_z
CHENNAI
942
_c
BK
999
_c
6359
_d
6359